000 01394nam a22004337a 4500
001 0068144
003 KOHA_MİRAKIL
005 20260207004749.0
007 ta
008 230201b2020 tu |||gr||||#0|||0|tur |
020 _a9786056846052
040 _aTR-BiSEU
_btur
_cTR-BiSEU
_erda
041 0 _atur
044 _ctu
050 _aHM846
_b.L46 2020
100 1 _aLeonhard, Gerd.
240 1 0 _lTürkçe
245 1 _aTeknolojiye karşı insanlık: insan ile makinenin yaklaşan çatışması/
_cGerd Leonhard ; Gerd Leonhard; çeviren Cihan Akkartal.
250 _a2. Baskı
264 1 _aİstanbul :
_bSiyah Kitap
_c2020
300 _a223 sayfa; 21 cm.
336 _ametin
_btxt
_2rdacontent
337 _aaracısız
_bn
_2rdamedia
338 _acilt
_bnc
_2rdacarrier
490 1 _aSiyah Kitap ;
_v4.
490 1 _aBilim Teknoloji Gelecek ;
_v1
500 _aKaynakça var.
500 _aEserin özgün adı: Technology vs. Humanity.
650 0 _aTeknoloji.
_91844
650 0 _aTeknoloji --Sosyal yönler.
_9130644
650 0 _aSosyal değişim--Teknolojik yönler.
_9130645
650 0 _aTechnology.
_92543
650 0 _aSocial change--Technological aspects.
_9130646
650 0 _aTechnology--Social aspects.
_911770
830 1 _aSiyah Kitap ;
_v4.
_9130647
830 1 _aBilim Teknoloji Gelecek ;
_v1
_9130648
907 _aTeknoloji
942 _2lcc
_cBK
999 _c68801
_d68801